00380nam a2200145Ia 45000030006000000080041000060400015000471000022000622450077000842500006001612600032001673000006001995460012002050050017002170STCL150530s9999 xx 000 0 und d aSTCLcSTCL aAmitava Mukherjee aParticipatory Rural Appraisal Methods and Applications in Rural Planning a2 bConcept; Delhic2004aDelhi a0 aEnglish20220125165634.0